Poised for the off (Record no. 76003)

MARC details
000 -LEADER
fixed length control field 00895cab a2200181 4500
001 - CONTROL NUMBER
control field ##L131263
008 - FIXED-LENGTH DATA ELEMENTS--GENERAL INFORMATION
fixed length control field 051013n2005 000 0 eng u
035 ## - SYSTEM CONTROL NUMBER
System control number (Sirsi) u131263
041 0# - LANGUAGE CODE
Language code of text/sound track or separate title eng
100 1# - MAIN ENTRY--PERSONAL NAME
Personal name Reisner, Alasdair
245 00 - TITLE STATEMENT
Title Poised for the off
260 ## - PUBLICATION, DISTRIBUTION, ETC.
Date of publication, distribution, etc. 2005
490 #0 - SERIES STATEMENT
Series statement Construction News
Volume/sequential designation 6937 6 October 2005, 28-29(2)
520 ## - SUMMARY, ETC.
Summary, etc. The piling sector is expected to be one of the earliest beneficiaries of construction work connected with the 2012 Olympic Games. It is anticipated that the major contracts will be awarded to the bigger firms in the sector, although smaller firms may also benefit, either directly, or indirectly, from the knock-on effects on projects elsewhere. Competition is also expected from Continental firms.
650 24 - SUBJECT ADDED ENTRY--TOPICAL TERM
Topical term or geographic name entry element OLYMPIC GAMES 2012
690 ## - LOCAL SUBJECT ADDED ENTRY--TOPICAL TERM (OCLC, RLIN)
Topical term or geographic name as entry element BUILT ENVIRONMENT-ENGINEERING-CIVIL ENGINEERING-GROUND ENGINEERING-PILING
942 ## - ADDED ENTRY ELEMENTS (KOHA)
Suppress in OPAC 0
Holdings
Withdrawn status Lost status Source of classification or shelving scheme Damaged status Not for loan Home library Current library Shelving location Date acquired Total Checkouts Full call number Barcode Date last seen Copy number Price effective from Koha item type
    Dewey Decimal Classification     London London Journal article 13/10/2005   L31263 131263-1001 06/08/2019 1 06/08/2019 Journal article